Calidad de la enseñanza en tiempos de cambio
Na minha lista:
| Principais autores: | , |
|---|---|
| Formato: | Livro |
| Idioma: | espanhol |
| Publicado em: |
Madrid
Alianza
1998
|
| Edição: | 1a. ed |
| coleção: | Colección Manuales-Psicología y Educación
|
| Assuntos: | |
| Tags: |
Adicionar Tag
Sem tags, seja o primeiro a adicionar uma tag!
|
MARC
| LEADER | 00000nam a2200000 a 4500 | ||
|---|---|---|---|
| 001 | UCO2436 | ||
| 003 | CL-VaPUC | ||
| 008 | 000602e19980000SP |||||||||||||||||spa|d | ||
| 020 | |a 8420681725 | ||
| 082 | 0 | 4 | |a 370.11 |b MAR |2 21 |
| 100 | |a Marchesi Ullastres, Álvaro |e autor |9 561650 | ||
| 700 | 0 | |a Martín, Elena |e author |9 445591 | |
| 245 | 1 | 0 | |a Calidad de la enseñanza en tiempos de cambio |
| 250 | |a 1a. ed | ||
| 300 | |a 498 p | ||
| 942 | |c BK | ||
| 945 | |d 20000602 00:00:00 |a rbrito | ||
| 260 | |a Madrid |b Alianza |c 1998 | ||
| 650 | 0 | |a Calidad de la educación |9 307271 | |
| 650 | 7 | |a PERFECCIONAMIENTO PROFESIONAL DE PROFESORES |2 CL-VaPUC |9 445592 | |
| 650 | 0 | |a Reforma educacional |9 256319 | |
| 583 | |a last modification |c 20000602 00:00:00 |k Rodrigo Vera | ||
| 490 | 0 | |a Colección Manuales-Psicología y Educación | |
| 999 | |c 288947 |d 288945 | ||
| 952 | |0 0 |1 0 |4 0 |6 370_110000000000000_MAR_1998 |7 0 |8 A |9 336959 |a FDOPOS |b FDOPOS |d 2019-11-20 |i 3626164 |o 370.11 MAR 1998 |p 3626164 |r 2023-08-09 |w 2019-11-20 |y BK |k MLA | ||
| 952 | |0 0 |1 0 |4 0 |6 370_110000000000000_MAR_1998 |7 0 |8 A |9 336960 |a BIBEDU |b BIBEDU |d 2019-11-20 |i 3630676 |o 370.11 MAR 1998 |p 3630676 |r 2019-11-20 |w 2019-11-20 |y BK |k EDU | ||
| 952 | |0 0 |1 0 |4 0 |6 370_110000000000000_MAR_1998 |7 0 |8 A |9 336961 |a BIBEDU |b BIBEDU |d 2019-11-20 |i 4679156 |o 370.11 MAR 1998 |p 4679156 |r 2019-11-20 |w 2019-11-20 |y BK |k EBA | ||